Basic accounting : (Record no. 3926)

MARC details
000 -LEADER
fixed length control field 00703nam a22002057a 4500
003 - CONTROL NUMBER IDENTIFIER
control field OSt
005 - DATE AND TIME OF LATEST TRANSACTION
control field 20250731075346.0
008 - FIXED-LENGTH DATA ELEMENTS--GENERAL INFORMATION
fixed length control field 250731b |||||||| |||| 00| 0 eng d
020 ## - INTERNATIONAL STANDARD BOOK NUMBER
International Standard Book Number 978-971-9925-02-6
040 ## - CATALOGING SOURCE
Original cataloging agency DWCL-Main lib
Transcribing agency OC
082 ## - DEWEY DECIMAL CLASSIFICATION NUMBER
Classification number Fil. 657 V234b 2014
100 ## - MAIN ENTRY--PERSONAL NAME
Personal name Valencia, Edwin G.
245 ## - TITLE STATEMENT
Title Basic accounting :
Remainder of title concepts, principles, procedures and applications/
Statement of responsibility, etc. Edwin G. Valencia
250 ## - EDITION STATEMENT
Edition statement fourth edition.
260 ## - PUBLICATION, DISTRIBUTION, ETC.
Place of publication, distribution, etc. Baguio City, Phils. :
Name of publisher, distributor, etc. Valencia Educational Supply,
Date of publication, distribution, etc. c2014.
300 ## - PHYSICAL DESCRIPTION
Extent 682 pages :
Other physical details illustrations ;
Dimensions 26 cm.
504 ## - BIBLIOGRAPHY, ETC. NOTE
Bibliography, etc. note Includes glossary
650 ## - SUBJECT ADDED ENTRY--TOPICAL TERM
Topical term or geographic name entry element 1. Accounting.
942 ## - ADDED ENTRY ELEMENTS (KOHA)
Source of classification or shelving scheme Dewey Decimal Classification
Koha item type Book-Filipiniana
Edition fourth edition.
Call number prefix Fil. 657 V234b 2014
Suppress in OPAC No
952 ## - LOCATION AND ITEM INFORMATION (KOHA)
--
952 ## - LOCATION AND ITEM INFORMATION (KOHA)
--
Holdings
Withdrawn status Lost status Source of classification or shelving scheme Damaged status Not for loan Home library Current library Shelving location Date acquired Source of acquisition Total Checkouts Full call number Barcode Date last seen Copy number Price effective from Koha item type Uniform Resource Identifier
    Dewey Decimal Classification     College Library College Library Filipiniana 11/25/2015 School Fund   Fil. 657 V234b 2014 51240 07/31/2025 c3 07/31/2025 BK - FIL
    Dewey Decimal Classification     College Library College Library Filipiniana 11/25/2015 School Fund   Fil. 657 V234b 2014 51239 07/31/2025 c3 07/31/2025 BK - FIL